LIBRARY & INFORMATION CENTRE, KCAET, TAVANUR

ONLINE PUBLIC ACCESS CATALOGUE (OPAC)

Soil in our environment / (Record no. 10138)

MARC details
000 -LEADER
fixed length control field 00426cam a2200169ua 4500
003 - CONTROL NUMBER IDENTIFIER
control field OSt
008 - FIXED-LENGTH DATA ELEMENTS--GENERAL INFORMATION
fixed length control field 240223b |||||||| |||| 00| 0 eng d
041 ## - LANGUAGE CODE
Language code of text/sound track or separate title eng
082 ## - DEWEY DECIMAL CLASSIFICATION NUMBER
Classification number 631.4
Item number MIL/SO
100 ## - MAIN ENTRY--AUTHOR NAME
Personal name Miller, Raymond W .
245 ## - TITLE STATEMENT
Title Soil in our environment /
250 ## - EDITION STATEMENT
Edition statement 8 /
260 ## - PUBLICATION, DISTRIBUTION, ETC. (IMPRINT)
Place of publication New Jersey :
Name of publisher Prentice Hall Inc ,
Year of publication 1998.
300 ## - PHYSICAL DESCRIPTION
Number of Pages 736 ; .
700 1# - ADDED ENTRY--PERSONAL NAME
Personal name Gardiner, Duane T .
942 ## - ADDED ENTRY ELEMENTS (KOHA)
Koha item type Books
Holdings
Withdrawn status Lost status Damaged status Home library Current library Date acquired Full call number Accession Number Koha item type
      KAUAET KAUAET 07/04/2012 631.4 MIL/SO 20383 Books
free website counter